000 01974nam1a2200337 i 4500
001 RU\NLR\bibl\1781956
005 20260408003248.0
010 _a978-5-7681-0572-3
035 _a(NLR Aleph) 001772705
090 _a1647925
_c1647925
100 _a20110622g20109999k y0rusy50 ca
101 0 _arus
102 _aRU
105 _a||||z |||||
200 1 _aМатериалы и упрочняющие технологии - 2010
_eсборник материалов XVII Российской научно-технической конференции с международным участием, 20-22 апреля 2010 года
_fредкол.: В.Н. Гадалов, [д.т.н., проф.] (отв. ред.) [и др.]
210 _aКурск
_cКурский государственный технический университет
_d2010
215 _d20
300 _aВ надзаг.: М-во образования и науки Рос. Федерации, Гос. образоват. учреждение высш. проф. образования "Кур. гос. техн. ун-т"
463 0 _10011692846
463 0 _10011753630
606 1 _aМатериалы
_jСъезды, совещания и т.п.
_91160413
_3RU\NLR\auth\66146572
606 1 _aМатериалы
_jСъезды, совещания и т.п.
_xУпрочнение
_92156820
_3RU\NLR\auth\661298368
686 _aЖ676я431
686 _aЖ3я431
702 1 _aГадалов
_bВ. Н.
_gВадим Николаевич
_4340
711 1 2 _a"Материалы и упрочняющие технологии-2010", российская научно-техническая конференция с международным участием
_d17
_eКурск
_3RU\NLR\AUTH\8810167771
_9831352
801 0 _aRU
_bNLR
_c20110622
_gRCR
801 1 _aRU
_bNLR
_c20110622
852 _aNLR
_j2010-3/35218
942 _cBOOK